The noble scholar, jurist, historian


 His Excellency Dr. Abdul Wahhab bin Ibrahim Abu Sulaiman, may Allah have mercy on him.


 He was born in Umm Al-Qura in the year 1356 AH.

تفسير سورتي النصر والإخلاص / (Record no. 2604)

MARC details
000 -LEADER
fixed length control field 01230cam a2200277 i 4500
003 - CONTROL NUMBER IDENTIFIER
control field SA-RiAUC
005 - DATE AND TIME OF LATEST TRANSACTION
control field 20241120143317.0
008 - FIXED-LENGTH DATA ELEMENTS--GENERAL INFORMATION
fixed length control field 241112s2006 le g 00010 ara c
040 ## - CATALOGING SOURCE
Original cataloging agency KW-ShULA
Language of cataloging ara
Transcribing agency SA-RiAUC
Description conventions rda
082 04 - DEWEY DECIMAL CLASSIFICATION NUMBER
Classification number 227.3
090 ## - LOCALLY ASSIGNED LC-TYPE CALL NUMBER (OCLC); LOCAL CALL NUMBER (RLIN)
Classification number (OCLC) (R) ; Classification number, CALL (RLIN) (NR) 227.3
Local cutter number (OCLC) ; Book number/undivided call number, CALL (RLIN) ا ب ن ر
100 1# - MAIN ENTRY--PERSONAL NAME
Personal name ابن رجب، عبد الرحمن بن أحمد بن رجب،
Dates associated with a name 736-795 هجري
Relator term مؤلف.
245 10 - TITLE STATEMENT
Title تفسير سورتي النصر والإخلاص /
Statement of responsibility, etc. تصنيف عبد الرحمن بن أحمد بن رجب الحنبلي ؛ تحقيق وتعليق محمد بن ناصر العجمي.
250 ## - EDITION STATEMENT
Edition statement الطبعة الأولى.
264 #1 - PRODUCTION, PUBLICATION, DISTRIBUTION, MANUFACTURE, AND COPYRIGHT NOTICE
Place of production, publication, distribution, manufacture بيروت :
Name of producer, publisher, distributor, manufacturer دار البشائر الإسلامية،
Date of production, publication, distribution, manufacture, or copyright notice 2006
300 ## - PHYSICAL DESCRIPTION
Extent 128 صفحة ؛
Dimensions 22 سم
336 ## - CONTENT TYPE
Content type term نص
Content type code txt
Source rdacontent
Materials specified كتاب
337 ## - MEDIA TYPE
Media type term بدون وسيط
Media type code n
Source rdamedia
338 ## - CARRIER TYPE
Carrier type term مجلد
Carrier type code nc
Source rdacarrier
630 27 - SUBJECT ADDED ENTRY--UNIFORM TITLE
Uniform title القرآن
General subdivision تفاسير مأثورة
Source of heading or term aucut
630 27 - SUBJECT ADDED ENTRY--UNIFORM TITLE
Uniform title القرآن.
Name of part/section of a work سورة النصر
General subdivision تفاسير
Source of heading or term aucut
630 27 - SUBJECT ADDED ENTRY--UNIFORM TITLE
Uniform title القرآن.
Name of part/section of a work سورة الإخلاص
General subdivision تفاسير
Source of heading or term aucut
700 1# - ADDED ENTRY--PERSONAL NAME
Personal name العجمي، محمد بن ناصر
Relator term محقق.
942 ## - ADDED ENTRY ELEMENTS (KOHA)
Source of classification or shelving scheme Dewey Decimal Classification
Koha item type Books
Suppress in OPAC No
949 ## - LOCAL PROCESSING INFORMATION (OCLC)
a SA-JeALM
d 241112
u mohamedma123
n 1
Holdings
Withdrawn status Lost status Source of classification or shelving scheme Damaged status Not for loan Home library Current library Date acquired Total checkouts Full call number Barcode Date last seen Price effective from Koha item type
    Dewey Decimal Classification     DR AbdElwahab Library DR AbdElwahab Library 11/20/2024   227.3 ا ب ن ر 000004090 11/20/2024 11/20/2024 Books